| 000 | 00474nam a2200169Ia 4500 | ||
|---|---|---|---|
| 008 | 240729s9999 xx 000 0 und d | ||
| 022 | _a0974-5130 | ||
| 245 | 0 | _aIndian Journal of Pathology and Microbiology | |
| 260 | _aIndia | ||
| 260 | _bWolters Kluwer Medknow Publications | ||
| 650 | _a Microbiology | ||
| 650 | _a Pathology | Science | ||
| 650 | _aMedicine | ||
| 856 | _uhttps://doaj.org/toc/de9090f0d7cd456f8d20d31c0b51b3d0 | ||
| 942 | _2ddc | ||
| 942 | _cDOAJEJ | ||
| 999 |
_c71530 _d71530 |
||
| 945 |
_a1 _bMadushi Gamage _c1 _dMadushi Gamage |
||